000 00347nam a2200121Ia 4500
005 20251222143251.0
008 251222s9999||||xx |||||||||||||| ||spa||
020 _a2-911048-342
082 _a378.006/F34
245 0 _aL' Universitú Catholique á L'epoque Moderne De la Fedération á la Révolution (XVI-XVIII):
264 _bFIUC
942 _cLIB
999 _c14966
_d14966